<?xml version="1.0" encoding="UTF-8"?>
<record
    xmlns:xsi="http://www.w3.org/2001/XMLSchema-instance"
    xsi:schemaLocation="http://www.loc.gov/MARC21/slim http://www.loc.gov/standards/marcxml/schema/MARC21slim.xsd"
    xmlns="http://www.loc.gov/MARC21/slim">

  <leader>     nam a22     7a 4500</leader>
  <datafield tag="999" ind1=" " ind2=" ">
    <subfield code="c">127893</subfield>
    <subfield code="d">127893</subfield>
  </datafield>
  <controlfield tag="005">20190131123007.0</controlfield>
  <controlfield tag="008">190131t    1986nbu||||| |||| 00| 0 eng |</controlfield>
  <datafield tag="020" ind1=" " ind2=" ">
    <subfield code="a">0803241682</subfield>
  </datafield>
  <datafield tag="050" ind1="0" ind2="4">
    <subfield code="a">MT5.5 </subfield>
    <subfield code="b">S49 1986</subfield>
  </datafield>
  <datafield tag="100" ind1=" " ind2=" ">
    <subfield code="a">Sextus Empiricus</subfield>
  </datafield>
  <datafield tag="240" ind1=" " ind2=" ">
    <subfield code="a">&#x3A0;&#x3C1;&#x3BF;&#x3C2; &#x3BC;&#x3BF;&#x3C5;&#x3C3;&#x3B9;&#x3BA;&#x3BF;&#x3CD;&#x3C2; = Against the musicians</subfield>
  </datafield>
  <datafield tag="245" ind1="1" ind2="0">
    <subfield code="a">[&#x3A0;&#x3C1;&#x3BF;&#x3C2; &#x3BC;&#x3BF;&#x3C5;&#x3C3;&#x3B9;&#x3BA;&#x3BF;&#x3CD;&#x3C2;] = Against the musicians (adversus musicos) : </subfield>
    <subfield code="b">a new critical text and translation on facing pages / </subfield>
    <subfield code="c">Sextus Empiricus. ; introd. Denise Davidson Greaves.</subfield>
  </datafield>
  <datafield tag="250" ind1=" " ind2=" ">
    <subfield code="a">1a ed.</subfield>
  </datafield>
  <datafield tag="260" ind1=" " ind2=" ">
    <subfield code="a">Lincoln : </subfield>
    <subfield code="b">University of Nebraska Press, </subfield>
    <subfield code="c">1986</subfield>
  </datafield>
  <datafield tag="300" ind1=" " ind2=" ">
    <subfield code="a">x, 213 p. ; </subfield>
    <subfield code="c">24 cm.</subfield>
  </datafield>
  <datafield tag="440" ind1=" " ind2=" ">
    <subfield code="a">(Greek and Latin music theory )</subfield>
    <subfield code="x">(Teor&#xED;a de la m&#xFA;sica griega y latina)</subfield>
  </datafield>
  <datafield tag="500" ind1=" " ind2=" ">
    <subfield code="a">1 ejemplar</subfield>
  </datafield>
  <datafield tag="504" ind1=" " ind2=" ">
    <subfield code="a">Incluye indices</subfield>
  </datafield>
  <datafield tag="504" ind1=" " ind2=" ">
    <subfield code="a">[A los m&#xFA;sicos] A los m&#xFA;sicos Contra los m&#xFA;sicos (contra melod&#xED;as): un nuevo texto cr&#xED;tico y traducci&#xF3;n en p&#xE1;ginas opuestas / introd. Denise Davidson Grebas.</subfield>
  </datafield>
  <datafield tag="505" ind1=" " ind2=" ">
    <subfield code="a">442418-1001</subfield>
  </datafield>
  <datafield tag="506" ind1=" " ind2=" ">
    <subfield code="a">Rec. PIFI 2003</subfield>
  </datafield>
  <datafield tag="650" ind1="1" ind2="0">
    <subfield code="a">Teor&#xED;a de la m&#xFA;sica</subfield>
    <subfield code="x">Obras tempranas hasta 1800.</subfield>
  </datafield>
  <datafield tag="650" ind1="2" ind2="0">
    <subfield code="a">Musica</subfield>
    <subfield code="x">grecoromana </subfield>
    <subfield code="x">Historia </subfield>
    <subfield code="x">Hasta 1800</subfield>
  </datafield>
  <datafield tag="700" ind1="1" ind2=" ">
    <subfield code="a">Greaves, Denise Davidson,</subfield>
    <subfield code="e">Introd..</subfield>
  </datafield>
  <datafield tag="942" ind1=" " ind2=" ">
    <subfield code="2">lcc</subfield>
    <subfield code="c">LIB</subfield>
  </datafield>
  <datafield tag="952" ind1=" " ind2=" ">
    <subfield code="1">0</subfield>
    <subfield code="2">lcc</subfield>
    <subfield code="4">0</subfield>
    <subfield code="7">0</subfield>
    <subfield code="a">LIC-020</subfield>
    <subfield code="b">LIC-020</subfield>
    <subfield code="c">GENERAL</subfield>
    <subfield code="d">2019-01-31</subfield>
    <subfield code="f">1 ed.</subfield>
    <subfield code="k">CA</subfield>
    <subfield code="o">MT5.5 S49 1986</subfield>
    <subfield code="p">BFF000031781</subfield>
    <subfield code="r">2019-01-31 00:00:00</subfield>
    <subfield code="t">C:1</subfield>
    <subfield code="y">LIB</subfield>
  </datafield>
</record>
